000 01003nam a2200289Ia 4500
003 OSt
005 20221007123334.0
006 a|||||r|||| 00| 0
007 ta
008 221006b |||||||| |||| 00| 0 eng d
020 _a0750624698 (pbk)
_cRs.495.00
024 _a8617
037 _bN R Book,
_cTextual
040 _aPAPL
_cPAPL
_beng
041 _2eng
_aeng
082 _aCN2, L2;N6
100 _aPathria R K
_9504814
245 0 _aStatistical mechanics by R K Pathria
250 _aEd 2
260 _aOxford
_bButterworth-Heinemann
_c1996
300 _axiv,529p
_ccm.
500 _aAppendices 495-512p; Bibliography 513-522p; Index 523-529p; ^n23/CSL/CARPA/2001-2002/360^d2001-10-07^mPurchase; ; 2001-2002/209^b2001-10-19^c068/01^d2001-10-17^eRs.621.00^fN R Book Distributors; ; 2001-01-03^bSB^c2002-02-15^dRPS
650 _a Statistical mechanics
650 _aPhysics
942 _hCN2, L2;N6
_cTEXL
_2CC
999 _c1211719
_d1211719